| 000 | 00383nam a2200169Ia 4500 | ||
|---|---|---|---|
| 003 | 0STCL | ||
| 008 | 150530s9999 xx 000 0 und d | ||
| 040 |
_aSTCL _cSTCL |
||
| 100 | _aRajendra Yadav | ||
| 245 | _aAandhekhe Aanjan Pul | ||
| 260 |
_bAkshar Prakashan ; Delhi _c1969 |
||
| 300 | _a0 | ||
| 546 | _aHindi | ||
| 942 |
_2ddc _cBK |
||
| 999 |
_c64489 _d64489 |
||
| 005 | 20220125171244.0 | ||